35 rokov Fakulty architektúry STU 1976-2011

Bibliographic Details
Other Authors: Vitková, Ľubica, 1958- (Author of introduction, etc.)
Format: Book
Language:Slovak
PhysicalDescription:48 s. fotogr. 21 cm
Published: Bratislava Slovenská technická univerzita [2011]
ISBN:9788022735926 (brož.)
Edition:[1. vyd.]
Subjects:

MARC

LEADER 00000cam a2200000 a 4500
001 vtls010337101
003 SK-MaSNL
005 20260426005440.0
008 120124s2011 xo o g f 000 0 slo
015 |a SNBE2013 
020 |a 9788022735926 (brož.) 
040 |a SNK  |b slo  |c SNK  |e AACR2 
041 0 |a slo 
043 |a e-xo--- 
044 |a xo  |c SK 
072 7 |a 378  |x Vysoké školy  |2 konspekt 
080 |a 378.6:62  |2 2001 
080 |a (082.2)  |2 2001 
080 |a (437.6)  |2 2001 
080 |a 72  |2 2001 
080 |a 371.3  |2 2001 
080 |a 378.096  |2 2001 
080 |a 378-057.8  |2 2001 
080 |a 378.011.3-051  |2 2001 
080 |a (048.8)  |2 2001 
245 0 0 |a 35 rokov Fakulty architektúry STU 1976-2011  |c [koncepcia publikácie Bohumil Kováč ; úvodný text Ľubica Vitková] 
246 3 0 |a Tridsaťpäť rokov Fakulty architektúry STU 1976-2011 
250 |a [1. vyd.] 
260 |a Bratislava  |b Slovenská technická univerzita  |c [2011] 
300 |a 48 s.  |b fotogr.  |c 21 cm 
366 |e 1000 výt. 
500 |a Názov z obalu 
610 2 7 |a Slovenská technická univerzita v Bratislave.  |b Fakulta architektúry  |2 SNKKA  |9 124533 
648 7 |a 1976-2011  |2 SNKPH  |9 653287 
650 0 7 |a vysoké školy technické  |2 SNKPH  |9 71431 
650 0 7 |a fakulty vysokých škôl  |2 SNKPH  |9 162704 
650 0 7 |a architektúra  |2 SNKPH  |9 722 
650 0 7 |a štúdium a výučba  |2 SNKPH  |9 3982 
650 0 7 |a absolventi vysokých škôl  |2 SNKPH  |9 2784 
650 0 7 |a vysokoškolskí učitelia  |2 SNKPH  |9 66590 
651 7 |a Bratislava (Slovensko)  |2 SNKPH  |9 14568 
655 7 |a jubilejné publikácie  |2 SNKPH  |9 70339 
655 7 |a prehľady  |2 SNKPH  |9 70194 
700 1 |a Kováč, Bohumil,  |d 1952-  |4 oth  |9 208396 
700 1 |a Vitková, Ľubica,  |d 1958-  |4 aui  |9 113019 
852 |a Štátna vedecká knižnica v Banskej Bystrici 
919 |a 978-80-227-3592-6 
999 |c 1008367  |d 1010297 
952 |a SNK  |b SNK  |y PREZ  |7 0  |p 17A1033758  |o snkOSC 26149  |i snk2012/16268  |8 0  |0 0  |1 0  |4 0  |d 2012-08-13  |l 0  |r 2026-02-24 12:42:58  |w 2026-02-24 
952 |a SNK  |b SNK  |y VYP  |7 0  |p 17A1033759  |o snkOSC 26149 D1  |i snk2012/16269  |8 0  |0 0  |1 0  |4 0  |d 2012-08-13  |l 0  |r 2026-02-24 12:42:58  |w 2026-02-24